Statistics for J Answers Quiz #2

Click here to take the quiz!

General Stats

  • This quiz has been taken 35,233 times
    (23,843 since last reset)
  • The average score is 14 of 24

Answer Stats

ClueAnswer% Correct
Land of the Rising SunJapan
96%
What sleigh bells doJingle
92%
Obi-Wan or Yoda, for exampleJedi
89%
Popular Mexican pepperJalapeño
87%
Spanish version of JohnJuan
83%
Capital of IndonesiaJakarta
82%
Came before the CretaceousJurassic
71%
Second most common last name in the U.S.Johnson
66%
Largest of the Channel Islands.
There's a "new" one in the United States.
Jersey
65%
Band that didn't stop believingJourney
64%
Brand synonymous with hot tubsJacuzzi
63%
He spent some time inside a whaleJonah
63%
Ms. Bouvier Kennedy OnassisJacqueline
61%
Tentacled sea creatureJellyfish
53%
Pink, balloon-like PokémonJigglypuff
46%
Naomi, Wynonna, or AshleyJudd
43%
Wife of Punch the puppetJudy
43%
Two-faced Roman godJanus
39%
Most-hated "Game of Thrones" characterJoffrey
37%
Biblical temptressJezebel
33%
African-American dialect
spoken in "Airplane!"
Jive
30%
Pearl Jam song about a school suicideJeremy
25%
Stern police inspector of "Les Misérables"Javert
24%
Hard luck family of "The Grapes of Wrath"Joad
16%

Score Distribution

Percentile by Number Answered

Percent of People with Each Score

Your Score History

You have not taken this quiz since the last reset